01657nam a22002417a 45000010005000000030006000050050017000110080041000280200018000690400032000870500015001190820011001341000021001452450089001662500042002552600039002973000049003364900021003855200910004066500033013166500032013497000034013816178FISKH20250324143447.0250324b cb ||||| |||| 00| 0 eng d a9780545459884 aFISKH bengcFISKH dFISKH  aCT9970.B73 a920.72 aBranzei, Sylvia  aRebel in a dress : adventurers /cBy Sylvia Branzei : Illustrated by Melissa Sweet  aFirst Scholastic printing, March 2012 aNew York : bScholastic ;c2011 .  a96 pages : bcolor illustrations ; c21 cm . aRebel in a dress aFor the rebel in every girl's heart, this series presents the achievements of extraordinary, relevant, and inspiring women throughout history. Through quotes, narratives, photographs, illustrations, and fact-filled side-bars, each book tells the story of twelve bold and courageous women. When the world told them to stay put, these twelve adventurers took to the skies, slopes, and seas. From the daring aviator Amelia Earhart to the relentless photojournalist Margaret Bourke-White, these brave women will dare you to follow your dreams. Featured adventurers include Gudridur Thorbjarnarsdottir (Viking traveler), Susan Butcher (dog sled racer), Kit DesLauriers (skier), Valentina Tereshkova (astronaut), Bessie Coleman (pilot), Janet Guthrie (racecar driver), Sophie Blanchard (balloonist), Nellie Bly (journalist), Gertrude Ederle (English Channel swimmer), and Dr. Diana Hoff (Atlantic Ocean rower).  aGertrude EderlevNon-fiction aBessie ColemanvNon-fiction aSweet, Melissa eIllustrator